000
00335nam a22001457a 4500
008
230125b ||||| |||| 00| 0 eng d
020
_a
0891302530
041
_a
eng
080
_2
VOLUME110
_a
101
082
_a
101GER
100
_a
42
101
_a
FILO
245
_a
AMERICAN PHILOLOGICAL ASSOCIATION
_c
GERBER E D
942
_2
udc
_c
BK
999
_c
59278
_d
59278